书目信息 |
| 题名: |
气候变化应对与生态文明建设
|
|
| 作者: | 马建堂 , 郑国光 主编 | |
| 分册: | ||
| 出版信息: | 北京 国家行政学院出版社 2017 |
|
| 页数: | 166页 | |
| 开本: | 24cm | |
| 丛书名: | ||
| 单 册: | ||
| 中图分类: | P467 , X321.2 | |
| 科图分类: | ||
| 主题词: | 气候变化--qi hou bian hua--对策--研究--中国 , 生态环境建设--sheng tai huan jing jian she--研究--中国 | |
| 电子资源: | ||
| ISBN: | 978-7-5150-1971-0 | |
| 000 | 01118nam0 2200289 450 | |
| 001 | 012001000964 | |
| 005 | 20131107094336.0 | |
| 010 | @a978-7-5150-1971-0@dCNY48.00 | |
| 099 | @aCAL 012017118949 | |
| 100 | @a20170802d2017 em y0chiy50 ea | |
| 101 | 0 | @achi |
| 102 | @aCN@b110000 | |
| 105 | @aab z 000yy | |
| 106 | @ar | |
| 200 | 1 | @a气候变化应对与生态文明建设@Aqi hou bian hua ying dui yu sheng tai wen ming jian she@f马建堂, 郑国光主编 |
| 210 | @a北京@c国家行政学院出版社@d2017 | |
| 215 | @a166页@c图, 地图@d24cm | |
| 300 | @a国家行政学院政策读本 | |
| 330 | @a《气候变化应对与生态文明建设》一书共分气候知识篇、气候变化篇、生态文明篇、防灾减灾篇和气候安全篇五个部分。本书采用问答方式, 针对不同领域与生态文明建设和应对气候变化密切相关的重点问题进行了分析和阐释。 | |
| 606 | 0 | @a气候变化@Aqi hou bian hua@x对策@x研究@y中国 |
| 606 | 0 | @a生态环境建设@Asheng tai huan jing jian she@x研究@y中国 |
| 690 | @aP467@v5 | |
| 690 | @aX321.2@v5 | |
| 701 | 0 | @a马建堂@Ama jian tang@4主编 |
| 701 | 0 | @a郑国光@Azheng guo guang@4主编 |
| 801 | 0 | @aCN@b北京卓展文化@c20191020 |
| 905 | @b1197259-62@dP467@e147@f4 | |
| 气候变化应对与生态文明建设/马建堂, 郑国光主编.-北京:国家行政学院出版社,2017 |
| 166页:图, 地图;24cm |
| 国家行政学院政策读本 |
| ISBN 978-7-5150-1971-0:CNY48.00 |
| 《气候变化应对与生态文明建设》一书共分气候知识篇、气候变化篇、生态文明篇、防灾减灾篇和气候安全篇五个部分。本书采用问答方式, 针对不同领域与生态文明建设和应对气候变化密切相关的重点问题进行了分析和阐释。 |
| ● |
| 相关链接 |
|
|
|
|
正题名:气候变化应对与生态文明建设
索取号:P467/147
 
预约/预借
| 序号 | 登录号 | 条形码 | 馆藏地/架位号 | 状态 | 备注 |
| 1 | 1197259 | 211972597 | 第二样本阅览室/ [索取号:P467/147] | 在馆 | |
| 2 | 1197260 | 211972604 | 第三借阅区/ [索取号:P467/147] | 在馆 | |
| 3 | 1197261 | 211972613 | 第三借阅区/ [索取号:P467/147] | 在馆 | |
| 4 | 1197262 | 211972622 | 第三借阅区/ [索取号:P467/147] | 在馆 |